| 000 | 00803nam a2200241 a 4500 | ||
|---|---|---|---|
| 999 |
_c8650 _d8650 |
||
| 001 | 8650 | ||
| 003 | BD-JhCC | ||
| 005 | 20180228190005.0 | ||
| 008 | 180228s2001 bg |||| ||a| 000 0 be d | ||
| 020 | _a9840741128 | ||
| 035 | _a(BD-JhCC)8650 | ||
| 040 |
_aBD-JhCC _dBD-JhCC |
||
| 041 | _aben | ||
| 082 |
_a581.1503 _bVUA 2001 |
||
| 100 | _aভূঁইয়া,শহীদুর রশীদ। | ||
| 245 |
_aকৌলিতত্ত্ব ও উদ্ভিদ প্রজনন শব্দকোষ / _cমোঃশহীদুর রশীদ ভূঁইয়া। |
||
| 260 |
_aঢাকা : _bবাংলা একাডেমী; _c২০০১ । |
||
| 300 |
_a২২৭ p. : _c20 cm. |
||
| 650 | _aGenetics. | ||
| 650 | _aPlant Breeding. | ||
| 942 |
_2lcc _cBK |
||